000 00870nam a2200301Ia 4500
003 OSt
005 20220912145301.0
006 a|||||r|||| 00| 0
007 ta
008 220909b |||||||| |||| 00| 0 eng d
020 _a9788131501047 (pbk)
024 _a109443
037 _cTextbook
040 _aCSL
_beng
_cCSL
041 _aeng
082 _aK1, P4;2 TK
100 _aRuppert Edward E
245 0 _aInvertebrate zoology:a functional evolutionary approach
250 _a7
260 _aAustralia
_bCengage Learning
_c2004
300 _axvii, 963p.
_ccm.
500 _aIncludes bibliographical references.; Index I1-I26p.
650 _aZoology
700 _a Barnes Robert D
700 _a Fox Richard S
942 _hK1, P4;2 TK
_cTB
_2CC
999 _c27858
_d27858